000 00705nam a2200229 i 4500
001 14258
003 ES-MaACL
005 20250901041435.0
007 t|
008 981123s1987 xxk ||||1| eng d
020 _a0-85496-231-X
080 _a1 Platón
100 1 _aBluestone, Natalie Harris.
_929579
245 1 0 _aWomen and the ideal society
_b: Plato's "Republic" and modern myths of gender /
_cNatalie Harris Bluestone.
260 _aOxford :
_bBerg,
_c[1987]
300 _aX, 238 p. ;
_c22 cm.
504 _aBibliografía : p. [225]-231.
600 0 4 _aPlatón.
_tLa república.
_9170103
650 0 4 _aFeminismo-
_xHistoria
_912748
852 _aES-MaACL
_jL-21535
999 _c14258
_d14258